[Event "CAN-ch"]
[Site "Montreal CAN"]
[Date "2012.08.09"]
[Round "7"]
[White "Luo, Zhao Yang"]
[Black "Preotu, Razvan"]
[Result "0-1"]
[WhiteElo "1991"]
[BlackElo "2080"]
[PlyCount "88"]
[GameId "2160767909441736"]
[EventDate "2012.08.04"]
[EventType "swiss"]
[EventRounds "9"]
[EventCountry "CAN"]
[SourceTitle "CBM 149 Extra"]
[Source "ChessBase"]
[SourceDate "2012.08.24"]
[SourceVersion "1"]
[SourceVersionDate "2012.08.24"]
[SourceQuality "1"]

1. d4 Nf6 2. Nf3 g6 3. Bg5 Bg7 4. Nbd2 d5 5. e3 O-O 6. Be2 c5 7. O-O Nbd7 8. c3 b6 9. Qb3 Bb7 10. Rfd1 Qe8 11. a4 e5 12. Bb5 e4 13. Ne5 c4 14. Qb4 Qe6 15. Nxd7 Nxd7 16. Qe7 Qxe7 17. Bxe7 Rfc8 18. a5 Nf8 19. Ba4 f5 20. Ra2 Kf7 21. Bb4 Ne6 22. b3 cxb3 23. Bxb3 b5 24. f3 Bh6 25. Re1 Re8 26. fxe4 fxe4 27. a6 Bc6 28. Nxe4 dxe4 29. d5 Bd7 30. dxe6+ Bxe6 31. Bxe6+ Kxe6 32. Bc5 Red8 33. Bd4 Kd5 34. Rb1 Kc6 35. Kf2 Bf8 36. Ke2 Bc5 37. Rf1 Rf8 38. Rb1 Rf5 39. g4 Rf3 40. Rf1 Raf8 41. Rxf3 Rxf3 42. Rd2 Rh3 43. Kd1 Bxd4 44. exd4 Rxc3 0-1

[Event "CAN-ch"]
[Site "Montreal CAN"]
[Date "2012.08.09"]
[Round "7"]
[White "Masse, Hugues"]
[Black "Carrier, Claude"]
[Result "1-0"]
[WhiteElo "2232"]
[BlackElo "2154"]
[PlyCount "87"]
[GameId "2160767909441737"]
[EventDate "2012.08.04"]
[EventType "swiss"]
[EventRounds "9"]
[EventCountry "CAN"]
[SourceTitle "CBM 149 Extra"]
[Source "ChessBase"]
[SourceDate "2012.08.24"]
[SourceVersion "1"]
[SourceVersionDate "2012.08.24"]
[SourceQuality "1"]

1. d4 Nf6 2. c4 g6 3. g3 d5 4. cxd5 Nxd5 5. Nf3 Bg7 6. Bg2 O-O 7. O-O Nb6 8. Nc3 Nc6 9. e3 Be6 10. b3 Qd7 11. Bb2 Bh3 12. Rc1 Bxg2 13. Kxg2 Rad8 14. Qe2 e5 15. dxe5 Nxe5 16. Nxe5 Bxe5 17. Rfd1 Qe6 18. f3 Qf6 19. Ne4 Qe7 20. Bxe5 Qxe5 21. Nf2 c6 22. Ng4 Qg7 23. e4 h5 24. Nf2 Rfe8 25. Rd3 Rxd3 26. Qxd3 Re7 27. Qd8+ Qf8 28. Rd1 Qxd8 29. Rxd8+ Kg7 30. f4 Rd7 31. Rxd7 Nxd7 32. e5 f6 33. Nd3 fxe5 34. fxe5 Kf7 35. Kf3 Ke6 36. Ke4 g5 37. h4 gxh4 38. gxh4 Nf8 39. Nf4+ Ke7 40. Kf5 a5 41. Nxh5 b5 42. Nf4 a4 43. bxa4 bxa4 44. h5 1-0

[Event "CAN-ch"]
[Site "Montreal CAN"]
[Date "2012.08.09"]
[Round "7"]
[White "Pechenkin, Vladimir"]
[Black "Kovalyov, Anton"]
[Result "0-1"]
[WhiteElo "2334"]
[BlackElo "2605"]
[PlyCount "80"]
[GameId "2160767909441738"]
[EventDate "2012.08.04"]
[EventType "swiss"]
[EventRounds "9"]
[EventCountry "CAN"]
[SourceTitle "CBM 149 Extra"]
[Source "ChessBase"]
[SourceDate "2012.08.24"]
[SourceVersion "1"]
[SourceVersionDate "2012.08.24"]
[SourceQuality "1"]

1. c4 e6 2. g3 Nf6 3. Bg2 d5 4. Nf3 Be7 5. O-O O-O 6. d4 c6 7. Qc2 b6 8. Nbd2 Bb7 9. e4 Na6 10. Rd1 Rc8 11. a3 Rc7 12. e5 Ne8 13. b4 dxc4 14. Nxc4 Rd7 15. Bb2 Qa8 16. Qb3 Nec7 17. Rd2 Rfd8 18. Rad1 h6 19. h4 Nd5 20. Nh2 Nac7 21. Ng4 a5 22. bxa5 bxa5 23. Qa4 Ba6 24. Bf1 Bb5 25. Qc2 h5 26. Nge3 Nxe3 27. Nxe3 Bxf1 28. Nxf1 a4 29. Ne3 Nb5 30. Nc4 Qa6 31. Qe4 Nc3 32. Bxc3 Qxc4 33. Bb2 c5 34. Qf3 cxd4 35. Qxh5 d3 36. Qf3 Qb3 37. Ra1 Rc7 38. Qd1 Rc2 39. Bc1 Qc3 40. Rb1 Rc8 0-1

[Event "CAN-ch"]
[Site "Montreal CAN"]
[Date "2012.08.09"]
[Round "7"]
[White "Qin, Zi Yi (Joey)"]
[Black "Noritsyn, Nikolay"]
[Result "0-1"]
[WhiteElo "2198"]
[BlackElo "2475"]
[PlyCount "140"]
[GameId "2160767909441739"]
[EventDate "2012.08.04"]
[EventType "swiss"]
[EventRounds "9"]
[EventCountry "CAN"]

1. e4 c5 2. Nf3 Nc6 3. d4 cxd4 4. Nxd4 Qb6 5. Nb3 Nf6 6. Nc3 e6 7. Bd3 a6 8. O-O d6 9. Kh1 Be7 10. f4 Qc7 11. Qf3 O-O 12. Bd2 b5 13. Rae1 b4 14. Nd1 Bd7 15. Qg3 a5 16. e5 Nh5 17. Qe3 g6 18. Nf2 f5 19. exf6 Bxf6 20. g4 Ng7 21. Bc1 e5 22. Qg3 a4 23. Nd2 exf4 24. Qg2 Nd4 25. Nfe4 Be5 26. Nf3 Nge6 27. Nxe5 dxe5 28. c3 Nc6 29. g5 Kg7 30. Rf3 Ne7 31. cxb4 Nd4 32. Rf2 Nd5 33. Bd2 Rae8 34. Rc1 Qb6 35. Nc5 Bc6 36. Be4 Nxb4 37. Bxc6 Nbxc6 38. Nd7 Qb5 39. Rc5 Qd3 40. Nxf8 f3 41. Qf1 Qxf1+ 42. Rxf1 Kxf8 43. Rxc6 Nxc6 44. Rxf3+ Ke7 45. Kg2 Ke6 46. Ra3 Ra8 47. Kf2 Kd5 48. Rh3 Ra7 49. Bc3 Nd4 50. Ke3 Nf5+ 51. Ke2 e4 52. Bf6 e3 53. Kd3 Rd7 54. Bc3 Kc5+ 55. Ke2 Re7 56. Kd3 Kd5 57. b4 Kc6 58. Rf3 Kb5 59. Ke2 Kc4 60. Bf6 Re4 61. Rf1 Kxb4 62. Kd3 Rh4 63. a3+ Kc5 64. Rc1+ Kd5 65. Rc2 Rh3 66. Re2 Rf3 67. Rb2 Rf1 68. Rb7 Rd1+ 69. Ke2 Rd2+ 70. Ke1 Rxh2 0-1

[Event "CAN-ch"]
[Site "Montreal CAN"]
[Date "2012.08.09"]
[Round "7"]
[White "Robichaud, Louis"]
[Black "Upper, John"]
[Result "1-0"]
[WhiteElo "2100"]
[BlackElo "2036"]
[PlyCount "81"]
[GameId "2160767909441740"]
[EventDate "2012.08.04"]
[EventType "swiss"]
[EventRounds "9"]
[EventCountry "CAN"]
[SourceTitle "EXT 2022"]
[Source "ChessBase"]
[SourceDate "2021.10.06"]
[SourceVersion "1"]
[SourceVersionDate "2021.10.06"]
[SourceQuality "1"]

1. e4 e6 2. d3 d5 3. Nd2 Nf6 4. Ngf3 Be7 5. g3 b6 6. e5 Nfd7 7. Bg2 Bb7 8. O-O c5 9. Re1 Nc6 10. c4 Nb4 11. Nf1 d4 12. a3 Nc6 13. h4 Qc7 14. Qe2 O-O-O 15. Bd2 a5 16. Rab1 h6 17. N1h2 g6 18. Ng4 Bf8 19. Bf4 Bg7 20. h5 gxh5 21. Nf6 h4 22. Nxd7 Rxd7 23. Nxh4 Rdd8 24. Qh5 Rdg8 25. Nf3 Rd8 26. Nd2 Kb8 27. Re2 Rhf8 28. Nf3 Ka7 29. Nh2 Ka6 30. Bh3 Ba8 31. Ree1 Rb8 32. Ng4 Rh8 33. Bg2 b5 34. cxb5+ Kxb5 35. Rec1 Qe7 36. Nf6 Qc7 37. Ne4 Bf8 38. Nd6+ Bxd6 39. exd6 Qb6 40. b4 axb4 41. axb4 1-0

[Event "CAN-ch"]
[Site "Montreal CAN"]
[Date "2012.08.09"]
[Round "7"]
[White "Sambuev, Bator"]
[Black "Panjwani, Raja"]
[Result "1-0"]
[WhiteElo "2523"]
[BlackElo "2394"]
[PlyCount "129"]
[GameId "2160767909441741"]
[EventDate "2012.08.04"]
[EventType "swiss"]
[EventRounds "9"]
[EventCountry "CAN"]
[SourceTitle "CBM 149 Extra"]
[Source "ChessBase"]
[SourceDate "2012.08.24"]
[SourceVersion "1"]
[SourceVersionDate "2012.08.24"]
[SourceQuality "1"]

1. d4 Nf6 2. Nf3 d6 3. c4 g6 4. Nc3 Bg7 5. e4 O-O 6. Be2 c5 7. O-O cxd4 8. Nxd4 Nc6 9. Be3 Bd7 10. Qd2 Nxd4 11. Bxd4 Bc6 12. f3 a5 13. Rab1 Nd7 14. Be3 Nc5 15. b3 e6 16. Rfd1 Be5 17. Bd4 Qf6 18. Bxe5 dxe5 19. Qe3 Qe7 20. Nd5 exd5 21. cxd5 Ne6 22. dxe6 Qxe6 23. Qc5 Rfe8 24. Rbc1 Qe7 25. a3 Qxc5+ 26. Rxc5 Re7 27. b4 axb4 28. axb4 Ra2 29. Bc4 Rb2 30. b5 Be8 31. Rdd5 Rb4 32. Rc8 Kg7 33. Rdc5 b6 34. R5c7 Kf6 35. g4 Rxc7 36. Rxc7 Kg5 37. Kf2 Bxb5 38. Bxb5 Rxb5 39. Rxf7 h5 40. gxh5 gxh5 41. Kg3 Kg6 42. Rd7 Kg5 43. Rg7+ Kf6 44. Rg8 Rb2 45. Rf8+ Kg6 46. h3 Rb1 47. Re8 Kf6 48. Kh4 b5 49. Rb8 b4 50. Rb6+ Ke7 51. Kg5 Rb3 52. h4 Rxf3 53. Rxb4 Rg3+ 54. Kxh5 Kd6 55. Rb6+ Kc5 56. Rg6 Rh3 57. Rg4 Kd4 58. Kg5 Ke3 59. h5 Rf3 60. h6 Rf8 61. h7 Kf3 62. Rh4 Ra8 63. h8=Q Rxh8 64. Rxh8 Kxe4 65. Re8 1-0

[Event "CAN-ch"]
[Site "Montreal CAN"]
[Date "2012.08.09"]
[Round "7"]
[White "Wang, Richard"]
[Black "Hebert, Jean"]
[Result "1/2-1/2"]
[WhiteElo "2338"]
[BlackElo "2410"]
[PlyCount "77"]
[GameId "2160767909441742"]
[EventDate "2012.08.04"]
[EventType "swiss"]
[EventRounds "9"]
[EventCountry "CAN"]
[SourceTitle "CBM 149 Extra"]
[Source "ChessBase"]
[SourceDate "2012.08.24"]
[SourceVersion "1"]
[SourceVersionDate "2012.08.24"]
[SourceQuality "1"]

1. d4 Nf6 2. Nf3 e6 3. e3 b6 4. Bd3 Bb7 5. O-O d5 6. b3 Nbd7 7. Bb2 Bd6 8. Ne5 O-O 9. Nd2 a6 10. a4 Re8 11. f4 Ne4 12. Nxe4 dxe4 13. Bc4 Nf6 14. Qe2 Nd5 15. f5 f6 16. Ng4 c6 17. fxe6 Bc8 18. Nf2 f5 19. Nh3 Bxe6 20. Bxd5 cxd5 21. c4 Qd7 22. Ng5 Rac8 23. Rac1 a5 24. g3 h6 25. Nxe6 Qxe6 26. Qh5 dxc4 27. bxc4 Rf8 28. Qe2 Kh7 29. Qc2 Rf7 30. Qb3 Bb4 31. Rc2 Rfc7 32. d5 Qg6 33. Be5 Rd7 34. Rcf2 Rf7 35. Bd4 Bc5 36. Qc3 Bb4 37. Qb3 Bc5 38. Qc3 Bb4 39. Qb3 1/2-1/2

[Event "CAN-ch"]
[Site "Montreal CAN"]
[Date "2012.08.09"]
[Round "7"]
[White "Zhu, Hong Rui"]
[Black "Derraugh, Geordie"]
[Result "0-1"]
[WhiteElo "2029"]
[BlackElo "2097"]
[PlyCount "64"]
[GameId "2160767909441743"]
[EventDate "2012.08.04"]
[EventType "swiss"]
[EventRounds "9"]
[EventCountry "CAN"]
[SourceTitle "CBM 149 Extra"]
[Source "ChessBase"]
[SourceDate "2012.08.24"]
[SourceVersion "1"]
[SourceVersionDate "2012.08.24"]
[SourceQuality "1"]

1. e4 c5 2. Nf3 d6 3. d4 cxd4 4. Nxd4 Nf6 5. Nc3 a6 6. Be2 e5 7. Nb3 Be7 8. O-O O-O 9. Be3 Be6 10. f4 exf4 11. Bxf4 Nc6 12. Kh1 b5 13. Bf3 Ne5 14. Nd4 Qc8 15. Nd5 Ra7 16. c3 Rd8 17. Qe2 Nc6 18. Nxf6+ gxf6 19. Nxc6 Qxc6 20. Bh6 Qc7 21. Qf2 Kh8 22. Be3 Rb7 23. e5 fxe5 24. Bxb7 Qxb7 25. a4 Rg8 26. Rg1 f5 27. axb5 Qxb5 28. Ba7 f4 29. Raf1 Qe8 30. Qc2 Qh5 31. Bf2 Rg6 32. Qd1 Qxh2+ 0-1

[Event "CAN-ch"]
[Site "Montreal CAN"]
[Date "2012.08.10"]
[Round "8"]
[White "Carrier, Claude"]
[Black "Leutschaft, Martin"]
[Result "1/2-1/2"]
[WhiteElo "2154"]
[BlackElo "2143"]
[PlyCount "101"]
[GameId "2160767909441744"]
[EventDate "2012.08.04"]
[EventType "swiss"]
[EventRounds "9"]
[EventCountry "CAN"]
[SourceTitle "EXT 2022"]
[Source "ChessBase"]
[SourceDate "2021.10.06"]
[SourceVersion "1"]
[SourceVersionDate "2021.10.06"]
[SourceQuality "1"]

1. e4 c6 2. d4 Qc7 3. Nc3 d6 4. Be3 Nd7 5. a4 Ngf6 6. g4 h5 7. g5 Ng4 8. Bd2 e5 9. d5 Qb6 10. Qe2 Qxb2 11. Rb1 Qxc2 12. h3 Nxf2 13. Kxf2 Nc5 14. Be1 Nxe4+ 15. Ke3 Qxe2+ 16. Bxe2 Nxc3 17. Bxc3 cxd5 18. Bb5+ Ke7 19. Bb2 Bf5 20. Rc1 Kd8 21. Bd3 Bxd3 22. Kxd3 Be7 23. h4 Kd7 24. Ne2 Rac8 25. Ng3 g6 26. Ne2 Rxc1 27. Rxc1 f6 28. Nc3 d4 29. Nd5 Bd8 30. gxf6 Ke6 31. Ke4 Bxf6 32. Rc7 Bxh4 33. Rg7 Bd8 34. Rxg6+ Kd7 35. Ba3 h4 36. Rxd6+ Kc8 37. Rg6 h3 38. Rg1 h2 39. Rh1 Kd7 40. Kxe5 d3 41. Bc1 Rh5+ 42. Kd4 Kd6 43. Ne3 Kc6 44. Kxd3 Bc7 45. Nf1 Rh3+ 46. Be3 Kd5 47. Ke2 Kc4 48. Bxa7 Kb4 49. Kf2 Kxa4 50. Kg2 Rh7 51. Nxh2 1/2-1/2

[Event "CAN-ch"]
[Site "Montreal CAN"]
[Date "2012.08.10"]
[Round "8"]
[White "Chiku-Ratte, Olivier-Kenta"]
[Black "Luo, Zhao Yang"]
[Result "0-1"]
[WhiteElo "2107"]
[BlackElo "1991"]
[PlyCount "68"]
[GameId "2160767909441745"]
[EventDate "2012.08.04"]
[EventType "swiss"]
[EventRounds "9"]
[EventCountry "CAN"]
[SourceTitle "CBM 149 Extra"]
[Source "ChessBase"]
[SourceDate "2012.08.24"]
[SourceVersion "1"]
[SourceVersionDate "2012.08.24"]
[SourceQuality "1"]

1. d4 Nf6 2. c4 d6 3. Nc3 Nbd7 4. e4 e5 5. Nf3 g6 6. Be2 Bg7 7. Be3 O-O 8. O-O Ng4 9. Bg5 f6 10. Bd2 f5 11. Bg5 Bf6 12. Bxf6 Ngxf6 13. exf5 gxf5 14. dxe5 dxe5 15. Qd2 Kh8 16. Qh6 Qe7 17. Nh4 Qf7 18. Nb5 Ng8 19. Qe3 f4 20. Qc3 c6 21. Nd6 Qf6 22. Nxc8 Raxc8 23. Bg4 Rcd8 24. g3 Nh6 25. Bh3 Nc5 26. Rae1 Nd3 27. Rd1 Nxf2 28. Kxf2 Rxd1 29. Rxd1 fxg3+ 30. Ke3 Qf2+ 31. Ke4 Qe2+ 32. Qe3 Rf4+ 33. Kxe5 Qxe3+ 34. Kd6 Rxh4 0-1

[Event "CAN-ch"]
[Site "Montreal CAN"]
[Date "2012.08.10"]
[Round "8"]
[White "Derraugh, Geordie"]
[Black "Oussedik, Elias"]
[Result "1-0"]
[WhiteElo "2097"]
[BlackElo "2005"]
[PlyCount "81"]
[GameId "2160767909441746"]
[EventDate "2012.08.04"]
[EventType "swiss"]
[EventRounds "9"]
[EventCountry "CAN"]
[SourceTitle "CBM 149 Extra"]
[Source "ChessBase"]
[SourceDate "2012.08.24"]
[SourceVersion "1"]
[SourceVersionDate "2012.08.24"]
[SourceQuality "1"]

1. e4 e6 2. d4 d5 3. exd5 exd5 4. Nf3 Bd6 5. c4 Nf6 6. c5 Be7 7. Nc3 b6 8. cxb6 axb6 9. Ne5 O-O 10. Be2 Re8 11. O-O Ba6 12. Bxa6 Rxa6 13. Qd3 Qc8 14. Be3 Ra8 15. f4 Bb4 16. Ne2 Qa6 17. Qc2 Nbd7 18. Ng3 Bf8 19. Rf3 Rad8 20. Qf5 Qb5 21. b3 g6 22. Qc2 c5 23. a4 Qa6 24. f5 cxd4 25. Nxd7 Nxd7 26. Bxd4 Bc5 27. Bxc5 bxc5 28. Raf1 Ne5 29. Rf4 d4 30. fxg6 hxg6 31. Ne4 d3 32. Qxc5 Re6 33. Nf6+ Kg7 34. Rh4 Rxf6 35. Qxe5 Qb6+ 36. Kh1 d2 37. Rhf4 Kg8 38. Rxf6 d1=Q 39. Rxf7 Qdd4 40. Qe7 Qg1+ 41. Rxg1 1-0

[Event "CAN-ch"]
[Site "Montreal CAN"]
[Date "2012.08.10"]
[Round "8"]
[White "Gusev, Nikita"]
[Black "Song, Michael"]
[Result "1-0"]
[WhiteElo "2117"]
[BlackElo "2154"]
[PlyCount "77"]
[GameId "2160767909441747"]
[EventDate "2012.08.04"]
[EventType "swiss"]
[EventRounds "9"]
[EventCountry "CAN"]
[SourceTitle "EXT 2022"]
[Source "ChessBase"]
[SourceDate "2021.10.06"]
[SourceVersion "1"]
[SourceVersionDate "2021.10.06"]
[SourceQuality "1"]

1. e4 e5 2. Nf3 Nc6 3. Bb5 a6 4. Ba4 Nf6 5. d3 b5 6. Bb3 Bc5 7. O-O d6 8. h3 Na5 9. Be3 Nxb3 10. axb3 Bxe3 11. fxe3 h6 12. Nh4 O-O 13. Qf3 Kh7 14. Nc3 b4 15. Ne2 Ng8 16. Qf2 Ne7 17. g4 Be6 18. Kh2 g6 19. Qf6 Ng8 20. Qxd8 Rfxd8 21. Ra4 Rdb8 22. Nf3 f6 23. Rfa1 Bc8 24. Nd2 Kg7 25. d4 Ne7 26. Nc1 exd4 27. exd4 c5 28. dxc5 dxc5 29. Ra5 Bb7 30. Rxc5 Rc8 31. Nd3 Nc6 32. Nc4 Nd4 33. Nb6 Rxc5 34. Nxc5 Rb8 35. Nbd7 Rd8 36. Rd1 Rxd7 37. Nxd7 Nxc2 38. Rc1 Bxe4 39. Nc5 1-0

[Event "CAN-ch"]
[Site "Montreal CAN"]
[Date "2012.08.10"]
[Round "8"]
[White "Hamilton, Robert"]
[Black "Masse, Hugues"]
[Result "1/2-1/2"]
[WhiteElo "2305"]
[BlackElo "2297"]
[PlyCount "136"]
[GameId "2160767909441748"]
[EventDate "2012.08.04"]
[EventType "swiss"]
[EventRounds "9"]
[EventCountry "CAN"]
[SourceTitle "EXT 2022"]
[Source "ChessBase"]
[SourceDate "2021.10.06"]
[SourceVersion "1"]
[SourceVersionDate "2021.10.06"]
[SourceQuality "1"]

1. c4 Nf6 2. Nc3 d5 3. cxd5 Nxd5 4. g3 e5 5. Bg2 Nb6 6. d3 Be7 7. f4 exf4 8. Bxf4 O-O 9. Nf3 Nc6 10. Rc1 Nd5 11. Nxd5 Qxd5 12. a3 Bd6 13. Bxd6 Qxd6 14. O-O Nd4 15. Rf2 Nxf3+ 16. Bxf3 c6 17. Qb3 Qe7 18. Qc3 Be6 19. b4 Rfd8 20. Qc5 Qxc5 21. Rxc5 Bd5 22. e4 Be6 23. Rd2 Rd4 24. Kf2 Rad8 25. Ke3 a6 26. Rc3 f6 27. g4 h6 28. Rb2 R8d6 29. Be2 Kf7 30. h3 Ke7 31. Rb1 Rd8 32. Bd1 Ba2 33. Rb2 Bc4 34. Bc2 Be6 35. Rb1 R8d6 36. Rh1 Rd8 37. Rc5 Bb3 38. Bb1 Be6 39. Rd1 Bb3 40. Rd2 Be6 41. Bc2 Kf7 42. Bd1 Ke7 43. Be2 Kf7 44. Rd1 Ke7 45. Rh1 R4d7 46. Rb1 Rd4 47. Rc3 Ba2 48. Rb2 Be6 49. Bd1 Bc4 50. Bc2 Be6 51. a4 R4d6 52. b5 cxb5 53. axb5 Rb6 54. d4 Rc8 55. Rxc8 Bxc8 56. Ba4 axb5 57. Rxb5 Rxb5 58. Bxb5 Kd6 59. Be8 b6 60. Bb5 h5 61. Be2 h4 62. Kf4 g5+ 63. Ke3 Bd7 64. Kd2 Bc6 65. Bd3 Ba4 66. Be2 Bc6 67. Bd3 Ba4 68. Be2 Bc6 1/2-1/2

[Event "CAN-ch"]
[Site "Montreal CAN"]
[Date "2012.08.10"]
[Round "8"]
[White "Hebert, Jean"]
[Black "Pechenkin, Vladimir"]
[Result "1/2-1/2"]
[WhiteElo "2410"]
[BlackElo "2341"]
[PlyCount "56"]
[GameId "2160767909441749"]
[EventDate "2012.08.04"]
[EventType "swiss"]
[EventRounds "9"]
[EventCountry "CAN"]
[SourceTitle "hb 2012"]

1. d4 f5 2. g3 Nf6 3. Bg2 g6 4. Nf3 Bg7 5. c4 O-O 6. Nc3 d6 7. O-O Nc6 8. b3 e5 9. dxe5 dxe5 10. Ba3 Re8 11. Qxd8 Rxd8 12. Rad1 e4 13. Rxd8+ Nxd8 14. Rd1 Ne6 15. Ne1 c6 16. Nc2 Nd7 17. Bb2 a5 18. Na4 Bxb2 19. Nxb2 Ndc5 20. Rd2 Kf7 21. f3 exf3 22. exf3 Ke7 23. Kf2 Bd7 24. Nd3 Nxd3+ 25. Rxd3 Re8 26. Rd2 Kd8 27. Bf1 Kc7 28. Nd4 Nxd4 1/2-1/2

[Event "CAN-ch"]
[Site "Montreal CAN"]
[Date "2012.08.10"]
[Round "8"]
[White "Humphreys, Michael"]
[Black "Chabot, Roland"]
[Result "1-0"]
[WhiteElo "2179"]
[BlackElo "2231"]
[PlyCount "63"]
[GameId "2160767909441750"]
[EventDate "2012.08.04"]
[EventType "swiss"]
[EventRounds "9"]
[EventCountry "CAN"]
[SourceTitle "hb 2012"]

1. Nf3 d6 2. d4 g6 3. c4 f5 4. Nc3 Nf6 5. e3 Bg7 6. Qc2 O-O 7. Be2 Nc6 8. O-O e5 9. dxe5 dxe5 10. Rd1 Qe7 11. Nd5 Nxd5 12. cxd5 Nd8 13. e4 f4 14. h3 Nf7 15. Rd3 Nd6 16. Rc3 Rf7 17. Bd2 Ne8 18. Rc1 Qd6 19. Ng5 Re7 20. Bg4 Bxg4 21. hxg4 h6 22. Ne6 Rc8 23. Rb3 c5 24. Rc3 b6 25. b4 c4 26. Rxc4 Rxc4 27. Qxc4 Rxe6 28. dxe6 Qxd2 29. e7+ Kh7 30. Qc6 Nf6 31. Rf1 Nxg4 32. e8=Q 1-0

[Event "CAN-ch"]
[Site "Montreal CAN"]
[Date "2012.08.10"]
[Round "8"]
[White "Jiang, Louie"]
[Black "Sambuev, Bator"]
[Result "0-1"]
[WhiteElo "2337"]
[BlackElo "2523"]
[PlyCount "64"]
[GameId "2160767909441751"]
[EventDate "2012.08.04"]
[EventType "swiss"]
[EventRounds "9"]
[EventCountry "CAN"]
[SourceTitle "CBM 149 Extra"]
[Source "ChessBase"]
[SourceDate "2012.08.24"]
[SourceVersion "1"]
[SourceVersionDate "2012.08.24"]
[SourceQuality "1"]

1. e4 e6 2. f4 d5 3. e5 c5 4. Nf3 Nc6 5. c3 Nh6 6. Na3 f6 7. Nc2 fxe5 8. fxe5 Nf5 9. d4 Be7 10. Bd3 O-O 11. O-O c4 12. Be2 Bd7 13. g4 Nh4 14. Ne3 Nxf3+ 15. Rxf3 Rxf3 16. Bxf3 Be8 17. Bd2 b5 18. b3 Rb8 19. Ng2 g5 20. bxc4 bxc4 21. Rb1 Bg6 22. Rxb8 Qxb8 23. Qa4 Qb6 24. Ne3 Nxd4 25. cxd4 Qxd4 26. Qd7 Qxd2 27. Qxe6+ Kf8 28. Qc8+ Kg7 29. Nxd5 Qd4+ 30. Kg2 Qd2+ 31. Kg3 Qe1+ 32. Kg2 Bd3 0-1

[Event "CAN-ch"]
[Site "Montreal CAN"]
[Date "2012.08.10"]
[Round "8"]
[White "Khassanov, Marat"]
[Black "Qin, Zi Yi (Joey)"]
[Result "0-1"]
[WhiteElo "2273"]
[BlackElo "2198"]
[PlyCount "104"]
[GameId "2160767909441752"]
[EventDate "2012.08.04"]
[EventType "swiss"]
[EventRounds "9"]
[EventCountry "CAN"]

1. e4 c5 2. c3 Nf6 3. e5 Nd5 4. d4 cxd4 5. cxd4 d6 6. Nf3 Nc6 7. a3 Bg4 8. Nc3 dxe5 9. Qb3 Nxc3 10. bxc3 Qc7 11. Nxe5 Nxe5 12. dxe5 O-O-O 13. Be3 Be6 14. Qb4 Bd5 15. Qc5 e6 16. Qxc7+ Kxc7 17. f3 Kb8 18. c4 Bc6 19. Be2 Be7 20. Kf2 Ba4 21. Rhc1 Rc8 22. Rc3 Rc7 23. Rac1 Rhc8 24. c5 Rd8 25. Bd3 Bc6 26. Ke2 Rcd7 27. Bc4 Ba4 28. Rb1 Rd1 29. Rb4 Bc6 30. Bd3 Rh1 31. h3 Kc7 32. Rg4 Bf8 33. Rf4 Rd7 34. Rd4 Ra1 35. Bc4 a6 36. Rxd7+ Bxd7 37. Bd4 Bb5 38. Bxb5 Ra2+ 39. Ke3 axb5 40. g3 Kc6 41. h4 h5 42. Kf4 Be7 43. Be3 Ra1 44. Rd3 Rb1 45. g4 Rh1 46. Bf2 Rc1 47. Kg3 Rc4 48. Be1 hxg4 49. fxg4 Bxc5 50. Rd8 Bd4 51. Rd6+ Kc7 52. Ba5+ b6 0-1

[Event "CAN-ch"]
[Site "Montreal CAN"]
[Date "2012.08.10"]
[Round "8"]
[White "Kovalyov, Anton"]
[Black "Noritsyn, Nikolay"]
[Result "1-0"]
[WhiteElo "2619"]
[BlackElo "2475"]
[PlyCount "131"]
[GameId "2160767909441753"]
[EventDate "2012.08.04"]
[EventType "swiss"]
[EventRounds "9"]
[EventCountry "CAN"]
[SourceTitle "EXT 2022"]
[Source "ChessBase"]
[SourceDate "2021.10.06"]
[SourceVersion "1"]
[SourceVersionDate "2021.10.06"]
[SourceQuality "1"]

1. Nf3 b6 2. g3 Bb7 3. Bg2 e6 4. O-O f5 5. b3 Nf6 6. Bb2 Be7 7. c4 O-O 8. Qc2 c5 9. d3 Nc6 10. e3 Qe8 11. a3 Qh5 12. Nbd2 Rad8 13. Rfe1 d6 14. Qd1 Qh6 15. b4 Nb8 16. Qe2 Nbd7 17. Bc3 Bc6 18. b5 Bb7 19. a4 a5 20. bxa6 Bxa6 21. e4 fxe4 22. Nxe4 Ne8 23. a5 b5 24. Bd2 Qg6 25. Neg5 bxc4 26. dxc4 Nc7 27. Nxe6 Nxe6 28. Qxe6+ Qxe6 29. Rxe6 Rfe8 30. Rae1 Kf7 31. Bg5 Nf6 32. Ne5+ dxe5 33. Rxa6 e4 34. Ra7 Ra8 35. Rxa8 Rxa8 36. Bd2 Bd8 37. Rb1 Bxa5 38. Ra1 Bxd2 39. Rxa8 e3 40. Kf1 exf2 41. Kxf2 Bc3 42. Bd5+ Kg6 43. Kf3 h5 44. Be4+ Kf7 45. Ra7+ Ke6 46. Bg6 h4 47. g4 Kd6 48. g5 Nd7 49. Bf5 Nb6 50. Bd3 Nd7 51. Ke4 Bd2 52. Ra6+ Ke7 53. Kf5 Nf8 54. Ra7+ Nd7 55. Be4 Kd6 56. Ra6+ Ke7 57. Bd5 Bc3 58. Re6+ Kd8 59. Re4 h3 60. Re3 Bd4 61. Rxh3 Ke7 62. Ra3 Ne5 63. Ra7+ Kd6 64. Ra6+ Kd7 65. h4 g6+ 66. Ke4 1-0

[Event "CAN-ch"]
[Site "Montreal CAN"]
[Date "2012.08.10"]
[Round "8"]
[White "Larochelle, Martial"]
[Black "Filipovich, David"]
[Result "1/2-1/2"]
[WhiteElo "2153"]
[BlackElo "2091"]
[PlyCount "75"]
[GameId "2160767909441754"]
[EventDate "2012.08.04"]
[EventType "swiss"]
[EventRounds "9"]
[EventCountry "CAN"]
[SourceTitle "EXT 2022"]
[Source "ChessBase"]
[SourceDate "2021.10.06"]
[SourceVersion "1"]
[SourceVersionDate "2021.10.06"]
[SourceQuality "1"]

1. c4 g6 2. g3 Bg7 3. Bg2 e5 4. Nc3 d6 5. e4 Nc6 6. Nge2 Nge7 7. O-O O-O 8. d3 f5 9. Nd5 Be6 10. Be3 Qd7 11. Qd2 Rf7 12. Rae1 Raf8 13. f3 Kh8 14. b3 Ng8 15. exf5 Bxf5 16. d4 Bh3 17. dxe5 Nxe5 18. f4 Bxg2 19. Kxg2 Ng4 20. Bd4 N8f6 21. Ng1 c6 22. Nxf6 Nxf6 23. Nf3 c5 24. Bb2 Qc6 25. Re6 Ne4 26. Bxg7+ Kxg7 27. Qb2+ Kg8 28. Qe2 Nf6 29. Rd1 Re8 30. Re1 Rxe6 31. Qxe6 Kg7 32. Rd1 Rd7 33. Re1 Rf7 34. Kf2 h6 35. Rd1 Rf8 36. Qe7+ Rf7 37. Qe6 Rf8 38. Qe7+ 1/2-1/2

[Event "CAN-ch"]
[Site "Montreal CAN"]
[Date "2012.08.10"]
[Round "8"]
[White "Milicevic, Goran"]
[Black "Wang, Richard"]
[Result "0-1"]
[WhiteElo "2287"]
[BlackElo "2307"]
[PlyCount "102"]
[GameId "2160767909441755"]
[EventDate "2012.08.04"]
[EventType "swiss"]
[EventRounds "9"]
[EventCountry "CAN"]
[SourceTitle "EXT 2022"]
[Source "ChessBase"]
[SourceDate "2021.10.06"]
[SourceVersion "1"]
[SourceVersionDate "2021.10.06"]
[SourceQuality "1"]

1. e4 c5 2. Nf3 d6 3. d4 cxd4 4. Nxd4 Nf6 5. Nc3 g6 6. Be3 Bg7 7. f3 Nc6 8. Bc4 O-O 9. Qd2 Bd7 10. O-O-O Rb8 11. Kb1 b5 12. Ndxb5 Ne5 13. Be2 Qa5 14. Nd4 Rfc8 15. Nb3 Qc7 16. g4 Qb7 17. g5 Nh5 18. Qd5 Nc6 19. Qb5 Qc7 20. Qc4 Qd8 21. Qd3 Bxc3 22. Qxc3 Nb4 23. Qd4 Nxc2 24. Qxa7 Be6 25. Rc1 Ra8 26. Qb7 Nxe3 27. Rxc8 Rxc8 28. Nd4 Qd7 29. Qxd7 Bxd7 30. Rc1 Nf4 31. Bb5 Rxc1+ 32. Kxc1 Bxb5 33. Nxb5 Ne6 34. b3 Kf8 35. h4 Ke8 36. a4 Kd7 37. b4 Kc6 38. Kb2 Ng2 39. Nc3 Nxh4 40. f4 Nxf4 41. a5 Nf3 42. Kb3 Ne5 43. b5+ Kb7 44. Ka4 Nd7 45. Kb4 f6 46. a6+ Ka7 47. Ka5 Nb6 48. gxf6 exf6 49. e5 dxe5 50. Ne4 Nfd5 51. Nd6 h5 0-1